Où se trouve aujourd’hui le royaume de Dieu ? (notice n° 2079068)

détails MARC
000 -LEADER
fixed length control field 01804cam a2200169 4500500
005 - DATE AND TIME OF LATEST TRANSACTION
control field 20260405004857.0
041 ## - LANGUAGE CODE
Language code of text/sound track or separate title fre
042 ## - AUTHENTICATION CODE
Authentication code dc
100 10 - MAIN ENTRY--PERSONAL NAME
Personal name Amaladoss, Michaël
Relator term author
245 00 - TITLE STATEMENT
Title Où se trouve aujourd’hui le royaume de Dieu ?
260 ## - PUBLICATION, DISTRIBUTION, ETC.
Date of publication, distribution, etc. 2005.<br/>
500 ## - GENERAL NOTE
General note 1
520 ## - SUMMARY, ETC.
Summary, etc. Jesus announced and inaugurated the kingdom of God. It was not what the Jews were expecting. What, then, is this kingdom? Where is it found today? What is our relationship, as Christians, to this kingdom? The kingdom is not an abstract reality. It relates to today’s context : a secularized world of injustice and violence. The kingdom of God in this context is primarily a community of equals under God, who forgive and share with each other. Jesus announces such a community and inaugurates it during his own lifetime. But the process of community building will continue. Jesus’ resurrection and the special gift of the spirit offer new assurance and give new strength. Lying on the horizon of human history and yet part of it, offered to us as a gift and yet confronting us as a challenge, Jesus’ vision of a new society stands before us as an unfinished task, summoning us to permanent revolution. Wherever men and women open themselves to the transcendent divine Mystery which impinges upon them, and go out of themselves in love and service of their fellow human beings, there the reign of God is at work. The Church remains the sacrament or symbol and the servant of the kingdom in this world. We can promote the kingdom by building Basic Christian and human communities.
700 10 - ADDED ENTRY--PERSONAL NAME
Personal name Sandor, Monica
Relator term author
786 0# - DATA SOURCE ENTRY
Note Lumen Vitae | Volume LX | 1 | 2005-01-01 | p. 5-18 | 0024-7324
856 41 - ELECTRONIC LOCATION AND ACCESS
Uniform Resource Identifier <a href="https://shs.cairn.info/revue-lumen-vitae-2005-1-page-5?lang=fr&redirect-ssocas=7080">https://shs.cairn.info/revue-lumen-vitae-2005-1-page-5?lang=fr&redirect-ssocas=7080</a>

Pas d'exemplaire disponible.

PLUDOC

PLUDOC est la plateforme unique et centralisée de gestion des bibliothèques physiques et numériques de Guinée administré par le CEDUST. Elle est la plus grande base de données de ressources documentaires pour les Étudiants, Enseignants chercheurs et Chercheurs de Guinée.

Adresse

627 919 101/664 919 101

25 boulevard du commerce
Kaloum, Conakry, Guinée

Réseaux sociaux

Powered by Netsen Group @ 2025